Statistiken für Avatar – Der Herr der Elemente Charaktere nach Bildern #1

Klicken Sie hier um das Quiz zu spielen!

Allgemein

  • Dieses Quiz wurde 540 mal gespielt
  • Das Durchschnittsergebnis liegt bei 12 aus 16

Antwortstatistiken

Antwort% Korrekt
Aang
97%
Zuko
96%
Katara
95%
Sokka
93%
Toph
91%
Appa
90%
Momo
85%
Azula
81%
Ozai
77%
Iroh
72%
Roku
68%
Suki
67%
Ty Lee
52%
Kohlhändler
49%
Zhao
42%
Hakoda
29%

Verteilung der Resultate

Perzentil nach korrekt beantworteten Fragen

Anzahl Personen mit jedem Resultat

Ihre Resultats-Entwicklung

Sie haben dieses Quiz noch nicht gespielt